Najfajniejsze kraje do gry w EUIV - Statystyki

Ogólne statystyki
  • Ten quiz został rozwiązany 143 razy
  • Średni wynik to 6 z 8
Statystyki odpowiedzi
Kraj % Poprawnych
Polska
99%
Moskwa
88%
Anglia
87%
Kastylia
82%
Imperium Osmańskie
79%
Szwecja
62%
Brandenburgia
42%
Wenecja
28%
Nie znaleziono quizów pasujących do podanych kryteriów
Rozkład punktacji
Procent ludzi z każdym wynikiem
Percentyl według liczby udzielonych odpowiedzi
Twoja historia wyników
Nie rozwiązałeś tego quizu